000 00560cam a2200205ua 4500
001 11314
005 20260515114734.0
008 190912n ii |||gr||||Z||||||eng
020 _a9788131600160
040 _cMAIN
082 _a954.052
100 _aLeela D`Souza.,
_eAuthor
245 _aCultural history of ancient India :
_bDiversity, syncretism, synthesis /
_cBy Leela D`Souza .
250 _a1st ed.
260 _aJaipur:
_bRawar Publications,
_c2007.
300 _a395p.
653 _aSouth Asia India
653 _aIndian history
942 _cBK
999 _c10154
_d10154